000 00848nam a2200265Ia 4500
003 GCL
008 140319s9999 xx 000 0 ara d
040 _aGCL /
_cGCL
082 0 4 _a805
_bد هـ
100 1 _aدار الهلال
245 1 0 _aالهلال - يوليو 1968 /
_cدار الهلال
300 _a161 ص
490 _aالهيئة العامة للاستعلامات
_v0
650 0 4 _aالشعر العربى
650 0 4 _aالقصص القصيرة
650 0 4 _aالنزاع العربى الاسرائيلى
650 0 4 _aالمسرح
650 0 4 _aالشعر العربى - تاريخ ونقد
650 0 4 _aالاغانى الشعبية
650 0 4 _aالدوريات
650 0 4 _aالاسكندر الاكبر
650 0 4 _aالازياء الشعبية
650 0 4 _aهنرى الثامن
942 _2ddc
_cBK
999 _c51605
_d51605